000 01193nam a2200313 i 4500
003 DO-SdBNP
005 20260115091354.0
007 ta
008 240212b2012 dr ||||| |||| 00| 0 spa d
020 _a9945854712
040 _aDO-SdBNP
_bspa
_cBNPHU
_erda
041 _aspa
082 4 _axxx
_bH632h 2012
_222
100 1 _aHidalgo, Saulo,
_eautor
_4aut.
_9386
245 1 0 _aHacia dónde voy en la vida? :
_bhay otra oportunidad para usted /
_cSaulo Hidalgo : colaboradora, Marisol Castillo ; corrección Míriam Gutiérrez ; prólogo, Nicolás de Jesús López Rodríguez
250 _aOctava edición
264 4 _aSanto Domingo :
_bEditora Tele 3,
_c©2012.
300 _a265 páginas ;
_e22 cm.
336 _atexto
_btxt
_2rdacontent
337 _asin mediación
_bn
_2rdamedia
338 _avolumen
_bnc
_2rdacarrier
500 _aLo importante no es de dónde usted viene, sino hacia dónde se dirige.
590 _aInventariado, 2026/BT
700 1 _aCastillo, Marisol,
_ecolaborador
_4col.
_984903
700 1 _aGutiérrez, Míriam,
_ecorrector
_4corr.
700 1 _a López Rodríguez, Nicolás de Jesús,
_d1936-
_eprologuista
_4pr.
_9670
910 _aBtavárez
942 _2ddc
_cLBS1
999 _c60099
_d60099